| 000 | 00824nam a2200253 i 4500 | ||
|---|---|---|---|
| 001 | 135593 | ||
| 003 | ES-MaACL | ||
| 005 | 20230906194919.0 | ||
| 007 | t| | ||
| 008 | 070720s1983 sp ||||1| spa d | ||
| 020 | _a84-239-6509-0 | ||
| 080 | _a327(460:469)"19" | ||
| 100 | 1 |
_aTorre, Hipólito de la. _9110741 |
|
| 245 | 1 | 0 |
_aAntagonismo y fractura peninsular : _bEspaña-Portugal 1910-1919 / _cHipólito de la Torre. |
| 260 |
_aMadrid : _bEspasa-Calpe, _c1983. |
||
| 300 |
_a397 p. ; _c21 cm. |
||
| 490 | 1 |
_aEspasa Universitaria. Historia ; _v9 |
|
| 504 | _aBibliografía: p. 375-382. | ||
| 651 | 4 |
_aEspaña- _xRelaciones- _zPortugal. _98476 |
|
| 651 | 4 |
_aPortugal- _xRelaciones- _zEspaña. _99269 |
|
| 830 | 1 |
_aEspasa Universitaria. Historia ; _v9 _9219929 |
|
| 852 |
_aES-MaACL _jL-4848 |
||
| 999 |
_c135593 _d135593 |
||